80 joueurs de l'équipe de France de rugby à XV - Statistiques

Statistiques générales
  • Ce quiz a été pris 92 fois
  • Le résultat moyen est 56 sur 80
Statistiques - réponses
Par images Hint Réponse % Correct
Centre Gaël Fickou
92%
Ailier Vincent Clerc
92%
Demi de Mêlée Antoine Dupont
91%
Ailier Louis Bielle-Biarrey
91%
Demi D'Ouverture Romain Ntamack
91%
Troisième Ligne Aile Sébastien Chabal
91%
Arrière Thomas Ramos
91%
Ailier Damian Penaud
89%
Pilier Uini Atonio
88%
Troisième Ligne Aile Charles Ollivon
87%
Pilier Cyril Baille
87%
Demi D'Ouverture Matthieu Jalibert
87%
Demi de Mêlée Maxime Lucu
87%
Arrière Melvyn Jaminet
87%
Talonneur Péato Mauvaka
87%
Centre Émile Ntamack
83%
Demi de Mêlée et d'Ouverture Frédéric Michalak
83%
Talonneur Julien Marchand
83%
Ailier Teddy Thomas
83%
Centre Yoram Moefana
83%
Demi de Mêlée Baptiste Serin
80%
Ailier Gabin Villière
80%
Troisième Ligne Centre Grégory Alldritt
80%
Troisième Ligne Aile Paul Boudehent
80%
Pilier Rabah Slimani
80%
Demi d'Ouverture Camille Lopez
79%
Pilier Jefferson Poirot
79%
Centre Jonathan Danty
79%
Demi de Mêlée Nolann Le Garrec
79%
Deuxième et Troisième Ligne Cameron Woki
78%
Demi de Mêlée Fabien Galthié
78%
Arrière Maxime Médard
78%
Demi de Mêlée Morgan Parra
78%
Demi de Mêlée Dimitri Yachvili
76%
Troisième Ligne Aile François Cros
76%
Centre Mathieu Bastareaud
76%
Deuxième Ligne Mickaël Guillard
76%
Centre Aurélien Rougerie
75%
Arrière Brice Dulin
75%
Centre Émilien Gailleton
75%
Deuxième Ligne Fabien Pelous
75%
Troisième Ligne Aile Thierry Dusautoir
74%
Centre Virimi Vakatawa
74%
Ailier Christophe Dominici
72%
Deuxième Ligne Paul Willemse
72%
Deuxième Ligne Thibaud Flament
72%
Deuxième Ligne Romain Taofifénua
71%
Arrière Serge Blanco
71%
Demi d'Ouverture François Trinh-Duc
70%
Talonneur Guilhem Guirado
70%
Demi de Mêlée Maxime Machenaud
70%
Troisième Ligne Aile Sekou Macalou
70%
Talonneur Camille Chat
68%
Talonneur William Servat
68%
Deuxième Ligne Pascal Papé
66%
Ailier Théo Attissogbe
66%
Pilier Nicolas Mas
64%
Centre Wesley Fofana
64%
Talonneur Dimitri Szarzewski
62%
Troisième Ligne Centre Louis Picamoles
61%
Ailier Philippe Saint-André
61%
Talonneur Raphaël Ibañez
59%
Troisième Ligne Aile Marc Lièvremont
58%
Troisième Ligne Centre Imanol Harinordoquy
55%
Troisième Ligne Aile Serge Betsen
55%
Deuxième Ligne Yoann Maestri
55%
Deuxième Ligne Bernard Le Roux
54%
Centre Yannick Jauzion
53%
Troisième Ligne Aile Jean-Pierre Rives
49%
Troisième Ligne Aile Yacouba Camara
49%
Pilier Christian Califano
46%
Centre Philippe Sella
45%
Deuxième Ligne Sébastien Vahaamahina
45%
Pilier Jean-Baptiste Poux
42%
Centre Richard Dourthe
39%
Centre, Arrière, Ouverture Damien Traille
36%
Deuxième Ligne Abdelatif Benazzi
33%
Deuxième Ligne Jérôme Thion
29%
Troisième Ligne Aile Olivier Magne
29%
Arrière Jean-Luc Sadourny
14%
Aucun quiz correspondant
Distribution des résultats
% des personnes avec chaque résultat
Percentile par nombre de réponses
Votre historique - résultats
Vous n’avez pas pris ce quiz